| 000 | 00667nam a2200229 a 4500 | ||
|---|---|---|---|
| 005 | 20140310183502.0 | ||
| 008 | 100920s19uu xx 00 eng d | ||
| 020 | _a9716070160 | ||
| 050 |
_aHD 62.7 _b.C993 2009 |
||
| 100 | _aCuyugan, Jorge H. | ||
| 245 |
_aA Business planning : manual : _ba project feasibility study guidebook for Filipino Students..entrepreneurs. |
||
| 260 |
_aSan Fernando, Pampanga : _bBright Concepts Printing House, _c2009. |
||
| 300 |
_a171 p. : _bill. ; _c22 cm. |
||
| 521 | _aBSBA | ||
| 650 | _aBusiness | ||
| 942 |
_cBK _2lcc _kLOC |
||
| 999 |
_c23958 _d23958 |
||